PBS NewsHour. Wall street firms paying up, December 20, 2002 /

This segment of the PBS NewsHour features the Wall Street settlement to end investigations into corporate scandal.

Bibliographic Details
Format: Video
Language:English
Language Notes:In English.
Published: Arlington, VA : MacNeil-Lehrer Productions, 2002.
Series:VAST: academic video online
Subjects:
Online Access:Connect to this streaming video (Alexander Street Press)

MARC

Tag First Indicator Second Indicator Subfields
LEADER 00000cgm a2200000Ma 4500
001 in00005565713
006 m o c
007 cr |n||||||||a
007 vz |za|z|
008 140513s2002 vau013 g o vleng d
005 20241201231602.9
035 |a (OCoLC)ocn894132974 
040 |a ALSTP  |b eng  |e pn  |c ALSTP  |d OCLCO  |d OCLCQ  |d OCLCF  |d OCLCQ  |d OCLCO  |d OCLCA  |d OCLCQ  |d MNI  |d WYU  |d UPM  |d OCLCO  |d OCLCL 
019 |a 1443970346 
035 |a (OCoLC)894132974  |z (OCoLC)1443970346 
043 |a n-us--- 
049 |a TXAM 
245 0 0 |a PBS NewsHour.  |p Wall street firms paying up, December 20, 2002 /  |c reported by Terence Smith. 
260 |a Arlington, VA :  |b MacNeil-Lehrer Productions,  |c 2002. 
300 |a 1 online resource (13 min.). 
306 |a 001255 
336 |a two-dimensional moving image  |b tdi  |2 rdacontent 
337 |a computer  |b c  |2 rdamedia 
338 |a online resource  |b cr  |2 rdacarrier 
490 0 |a VAST: academic video online 
500 |a Title from resource description page (viewed May 13, 2014). 
520 |a This segment of the PBS NewsHour features the Wall Street settlement to end investigations into corporate scandal. 
546 |a In English. 
600 1 0 |a Spitzer, Eliot. 
600 1 7 |a Spitzer, Eliot.  |2 fast  |0 (OCoLC)fst00440999  |1 https://id.oclc.org/worldcat/entity/E39PBJkdgtbgbtr3QRbMH7w3cP 
650 0 |a Securities industry  |z United States. 
650 0 |a Banks and banking. 
650 0 |a Finance. 
650 6 |a Finances. 
650 7 |a Banks and banking.  |2 fast  |0 (OCoLC)fst00826867 
650 7 |a Finance.  |2 fast  |0 (OCoLC)fst00924349 
650 7 |a Securities industry.  |2 fast  |0 (OCoLC)fst01110811 
651 7 |a United States.  |2 fast  |0 (OCoLC)fst01204155  |1 https://id.oclc.org/worldcat/entity/E39PBJtxgQXMWqmjMjjwXRHgrq 
655 4 |a Alexander Street Video. 
655 7 |a Television news programs.  |2 fast  |0 (OCoLC)fst01710455 
655 7 |a Television news programs.  |2 lcgft 
655 7 |a Téléjournaux.  |2 rvmgf 
710 2 |a Public Broadcasting Service (U.S.)  |4 prn 
856 4 0 |u http://proxy.library.tamu.edu/login?url=https://www.aspresolver.com/aspresolver.asp?AVN2;2101175  |z Connect to this streaming video (Alexander Street Press)  |t 0 
955 |a Alexander Street Press subscription streaming video 
994 |a 92  |b TXA 
999 f f |s ea755ec6-25ee-4d8a-a605-f7844f966360  |i 242bbbff-bb85-4f9b-b092-0c76c63ee366  |t 0 
952 f f |a Texas A&M University  |b College Station  |c Electronic Resources  |d Available Online  |t 0  |h Library of Congress classification 
998 f f |t 0  |l Available Online